| 000 | 00532nam a2200145Ia 4500 | ||
|---|---|---|---|
| 008 | 100204s9999 xx 000 0 und d | ||
| 082 | _b26646 | ||
| 100 | _aभागवत स्मिता | ||
| 245 | _aकाचेपाठचा समुद्र्र | ||
| 260 |
_b"ग्रंथाली ज्ञानयज्ञ , मुंबई" _c2003 |
||
| 300 | _a201 | ||
| 630 | _aकाचेपाठचा समुद्र्र | ||
| 730 | _aकाचेपाठचा समुद्र्र | ||
| 942 | _cBOOK | ||
| 999 |
_c471827 _d471824 |
||